Quiz Voiture: trouvez la marque en fonction de la voiture #1 - Statistiques

Statistiques générales
  • Ce quiz a été pris 1 629 fois
  • Le résultat moyen est 13 sur 16
Statistiques - réponses
Par images Réponse % Correct
Audi
100%
BMW
99%
Mercedes
99%
Lamborghini
94%
Ferrari
93%
Citroen
92%
Porsche
90%
Bentley
86%
Tesla
83%
Smart
82%
Ford
80%
Fiat
73%
Volkswagen
67%
Jaguar
65%
Chevrolet
64%
Koenigsegg
57%
Aucun quiz correspondant
Distribution des résultats
% des personnes avec chaque résultat
Percentile par nombre de réponses
Votre historique - résultats
Vous n’avez pas pris ce quiz